00383nam a2200157Ia 45000010006000000050017000060080041000230410008000640820016000721000030000882450054001182600009001723000028001816500008002096540008002171164720260306162843.0260306t2012||||xx |||||||||||||| ||spa|| aESP a985.62bB77 aBourricaud, FrancoiseAUT 0aCambios en Puno:bestudios de sociología andina c2012 a222 páginas :c23 cm. aGEN aCHU